000
00296nam a22001217a 4500
082
_a
540
_b
KAP/OV2
100
_a
P.N.KAPIL
245
_a
OBJECTIVE CHEMISTRY ORAGANIC CHEMISTRY
_b
CLASS XII
260
_a
DELHI
_b
S.DINESH & CO
300
_a
971
650
_a
CHEMISTRY FOR CLASS XII
_z
INDIA
942
_c
BK
999
_c
705
_d
705